000 00441nam a2200181Ia 4500
005 20230914120727.0
008 131103s9999 xx 000 0 und d
040 _aLoreto College
041 _aEnglish
082 _aF
_bMAR
100 _aMarkandaya,Kamala
245 2 _aA silence of desire
_cKamala Markandaya
260 _aLondon
_bPutnam
_c1960
300 _a224 p.
650 _aFiction in English
850 _aLCLIB
942 _cBK
999 _c16072
_d66551